| 000 | 01082nam a2200241 i 4500 | ||
|---|---|---|---|
| 001 | 153658 | ||
| 003 | ES-MaACL | ||
| 005 | 20230906205328.0 | ||
| 008 | 000504m18841885sp a |||| | spa d | ||
| 040 |
_aCAM _bspa _cCAM |
||
| 245 | 0 | 0 |
_aEnfermedades del aparato respiratorio / _cpor B. Fraenkel ... [et. al.]; versión española del dr. Francisco Vallina. |
| 260 |
_aMadrid : _b[s.n.], _c1884-1885 ( _fImprenta Central a cargo de Victor Saiz) |
||
| 300 |
_a3 v. : _bil. ; _c23 cm. |
||
| 490 | 1 |
_aTratado enciclopédico de patología médica y terapéutica / publicado bajo la dirección del dr. H. Ziemssen ; _v1-3 |
|
| 597 | _aV.1 (533 p.) - V.2 (559 p.) - V.3 (953 p.) | ||
| 650 | 4 |
_aAparato respiratorio- _xEnfermedades. _9135585 |
|
| 700 | 1 | 1 |
_aFraenkel, B. _9127131 |
| 700 | 1 | 1 |
_aZiemssen, H. _9134044 |
| 700 | 1 |
_aVallina, Francisco. _9133527 |
|
| 830 | 0 |
_aTratado enciclopédico de patología médica y terapéutica / publicado bajo la dirección del dr. H. Ziemssen ; _v1-3 _9187771 |
|
| 852 |
_aES-MaACL _jB-12220-22 _z-- Enc. pasta española |
||
| 999 |
_c153658 _d153658 |
||